00448nam a22001697a 4500999001500000003000400015005001700019008004100036040000800077082001500085100001900100245004900119260004800168300001200216650003800228942001200266 c7643d7643OSt20190214201558.0190214b ||||| |||| 00| 0 eng d cDLC a266bC456M aChandy, Jacob. aThe Making of people of God /cJacob Chandy. aKottayam, Kerala.bC. M. S. Press.cc 1985. a198 p.: aOrigin of Christianity in Kerala. 2ddccBK